000 00317nam a2200121Ia 4500
100 _aGovernment of India/Ministry of Lab & Emplo
942 _cBK
654 _aMechanical
245 _aManual For The Trade of Draughtsman Mechanical
260 _bGovt. of India
_aNewDelhi
_c1964
300 _a190
546 _aENGLISH
999 _c26207
_d26207